| 000 | 00511nam a22001817a 4500 | ||
|---|---|---|---|
| 999 |
_c100075 _d100075 |
||
| 005 | 20230530150923.0 | ||
| 010 | _aENG-115153 | ||
| 020 |
_a9789385288906 _c350.00 |
||
| 035 | _aEN-98685 | ||
| 037 | _bDBAD/PUB | ||
| 082 | _aN | ||
| 100 | _aBlackburn, Stuart | ||
| 245 |
_aInto the hidden valley : _ba novel / _cby Stuart Blackburn |
||
| 260 |
_aNew Delhi _bSpeaking Tiger _c2016 |
||
| 270 |
_a4381/4 Ansari Road, Daryaganj, _bNew Delhi _e110002 |
||
| 300 |
_a260p. _c20cm(pbk) |
||
| 942 |
_2ddc _cEN _mBLA _hN |
||